000 01407nam a22002657a 4500
003 OSt
005 20210224113933.0
008 210224s2006 ck ||||gr|||| 00| 0 spa d
020 _a9580495629
040 _aCO-JMCR
_cCO-JMCR
041 0 _aspa
_heng
082 0 4 _a291.4 /
_bC549p
_223
100 1 _aChopra, Deepak,
_eautor
_91624
245 1 3 _aEl perdón :
_bcien reflexiones /
_cde Deepak Chopra ; traducción de Adriana de Hassan
260 _aBogotá :
_bNorma,
_c2006
300 _aix, 163 páginas ;
_c21 cm.
500 _aTítulo original: The deeper wound : recoveringthe soul from fear and suffering
520 3 _aAunque la idea para este libro nació del incidente trágico del 11 de septiembre de 2001, la intención del mismo evolucionó hasta convertirse en un manual que sirva para sanar la herida más profunda, independientemente de cuál sea su causa. Las tradiciones de la sabiduría nos dicen que es posible trascender el sufrimiento y alcanzar estados de expansión de la conciencia en los cuales, a través de la transformación personal, no solamente podemos llevar alegría al gran tejido de la vida, sino también sanarlo.
650 1 4 _aPerdón
_92696
650 2 4 _aVida espiritual
_9899
650 2 4 _aCuración mental
_xmeditaciones
_913855
650 2 4 _aSeptiembre 11 (Ataque terrorista, 2001)
_913856
700 1 _aHassan, Adriana,
_etraductora
_913857
942 _2ddc
_cBK
999 _c7310
_d7310